|
|
|
|
| LEADER |
00000nab a2200000uu 4500 |
| 001 |
vtls010915426 |
| 003 |
SK-MaSNL |
| 005 |
20260225205638.0 |
| 008 |
230222|1967 xo |||||||||||||||||slo| |
| 015 |
|
|
|a SNBRB
|
| 035 |
|
|
|a (urnnbn)urn:nbn:sk:snk:ar-a09dhw
|
| 035 |
|
|
|a (uuid)ae0c338a-0236-4ac0-ab23-d7276cae0305
|
| 035 |
|
|
|a urn:nbn:sk:snk-ab93px
|
| 040 |
|
|
|a SNKBUCL
|b slo
|c SNKBUCL
|e AACR2
|
| 041 |
0 |
|
|a slo
|
| 044 |
|
|
|a xo
|c SK
|
| 245 |
0 |
0 |
|a Hans Hermann Malmede, Wege zur Novelle
|
| 773 |
0 |
|
|t Slovenské divadlo : revue dramatických umení
|g Roč. 15, č. 1 (1967), s. 136-137
|
| 954 |
|
|
|a odborná, vedecká literatúra pôvodná (slovenská)
|2 lita
|
| 958 |
|
|
|a OND
|
| 958 |
|
|
|a EUIPO
|
| 958 |
|
|
|a article10
|
| 999 |
|
|
|c 2011309
|d 2013239
|